00485nam a22001457a 450000500170000002000180001708200140003510000250004924500440007426000510011830000110016994200120018099900190019295201280021120260316111715.0 a9781647404208 a572 WAT.P aWatson, Siena911806 aPlant oxidative stress and management / aNewyork :bSyrawood publishing house ,cc2023. a242 p. 2ddccBK c757613d757613 00102ddc4070aBOTbBOTcGENd2026-03-16eSouthern book starl0o572 WAT.PpBOT10973r2026-03-16 06:00:21w2026-03-16yBK